000 00442nam a2200181Ia 4500
005 20240823032921.0
008 240823s9999||||xx |||||||||||||| ||und||
041 _aENGLISH
082 _A620.0042 Q2
100 _aKalyonmoy Deb
245 0 _aOptimization for Engineering Design
250 _a2nd
260 _c2012
_b"PHI,New Delhi"
500 _aTRANSFERED
650 _aMATHS
_bAerospace Engineering
942 _cBK
999 _c194568
_d194568